Transición política y consolidación democrática en el cono sur latinoamericano / (Record no. 12647)

MARC details
000 -LEADER
campo de control de longitud fija 01047nam a22002895i 4500
001 - NÚMERO DE CONTROL
campo de control 12647
003 - IDENTIFICADOR DE NÚMERO DE CONTROL
campo de control ES-MaACL
005 - FECHA Y HORA DE LA ÚLTIMA TRANSACCIÓN
campo de control 20250728051950.0
007 - CAMPO FIJO DE DESCRIPCIÓN FÍSICA--INFORMACIÓN GENERAL
campo de control de longitud fija t|
008 - DATOS DE LONGITUD FIJA--INFORMACIÓN GENERAL
campo de control de longitud fija 920225s1991 sp ||||0| spa j
020 ## - NÚMERO INTERNACIONAL ESTÁNDAR DEL LIBRO
Número Internacional Estándar del Libro 84-86791-17-0
040 ## - FUENTE DE CATALOGACIÓN
Centro catalogador/agencia de origen M-BN
Lengua de catalogación spa
Centro/agencia transcriptor M-BN
080 ## - NÚMERO DE LA CLASIFICACIÓN DECIMAL UNIVERSAL
Número de la Clasificación Decimal Universal 32(8=6)
080 ## - NÚMERO DE LA CLASIFICACIÓN DECIMAL UNIVERSAL
Número de la Clasificación Decimal Universal 327(8=6:4-672 CE)
245 00 - MENCIÓN DEL TÍTULO
Título Transición política y consolidación democrática en el cono sur latinoamericano /
Mención de responsabilidad, etc. [compiladores, Angel M. Lopez y López, Carlos Vargas Quiroz].
260 ## - PUBLICACIÓN, DISTRIBUCIÓN, ETC.
Lugar de publicación, distribución, etc. Madrid :
Nombre del editor, distribuidor, etc. Fundación Friedrich Ebert,
Fecha de publicación, distribución, etc. D.L. 1991.
300 ## - DESCRIPCIÓN FÍSICA
Extensión 240 p ;
Dimensiones 23 cm.
490 1# - MENCIÓN DE SERIE
Mención de serie Documentos y estudios ;
Designación de volumen o secuencia 72
651 #4 - PUNTO DE ACCESO ADICIONAL DE MATERIA--NOMBRE GEOGRÁFICO
Nombre geográfico América latina-
Subdivisión general Política y gobierno.
9 (RLIN) 7756
651 #4 - PUNTO DE ACCESO ADICIONAL DE MATERIA--NOMBRE GEOGRÁFICO
Nombre geográfico América Latina-
Subdivisión general Relaciones-
Subdivisión geográfica Países de la Unión Europea
9 (RLIN) 7764
700 1# - ENTRADA AGREGADA--NOMBRE PERSONAL
Nombre de persona López y López, Angel Manuel.
9 (RLIN) 74034
700 1# - ENTRADA AGREGADA--NOMBRE PERSONAL
Nombre de persona Vargas Quiroz, Carlos.
9 (RLIN) 113212
710 2# - ENTRADA AGREGADA--NOMBRE DE ENTIDAD CORPORATIVA
Nombre de entidad corporativa o nombre de jurisdicción como elemento de entrada Freidrich-Ebert-Stiftung.
9 (RLIN) 4181
830 0# - PUNTO DE ACCESO ADICIONAL DE SERIE-TÍTULO UNIFORME
Título uniforme Documentos y estudios ;
Designación de volumen o secuencia 72
9 (RLIN) 179227
852 ## - LOCALIZACIÓN
Ubicación ES-MaACL
Número de control de estantería L-20056
Sublocalización o colección R.121736
Holdings
Estatus retirado Estado de pérdida Estado de daño No para préstamo Biblioteca de origen Biblioteca actual Ubicación en estantería Fecha de adquisición Fuente de adquisición Total de préstamos Signatura topográfica completa Código de barras Visto por última vez Precio de reemplazo Tipo de ítem Koha
        Biblioteca del Ateneo de Madrid Biblioteca del Ateneo de Madrid Depósito 2 17/01/2008     L-20056 1012883 23/02/2023 23/02/2023 Libro impreso